| 000 | 00789nam a2200277Ia 4500 | ||
|---|---|---|---|
| 003 | OSt | ||
| 005 | 20221005081142.0 | ||
| 006 | a|||||r|||| 00| 0 | ||
| 007 | ta | ||
| 008 | 221004b |||||||| |||| 00| 0 eng d | ||
| 020 |
_a8120320484 _c325 |
||
| 024 | _a84332 | ||
| 037 |
_b11200, 29/03/2006, Govinda Book House _cTextual |
||
| 040 |
_aCRL _cCRL _beng |
||
| 041 |
_2eng _aeng |
||
| 082 | _aX:8D, P2 | ||
| 100 | _aVan Horne James C. | ||
| 245 | 0 | _aFinancial management and policy | |
| 250 | _a12th | ||
| 260 |
_aNew Delhi _bPrentice Hall of India India _c2002 |
||
| 300 |
_axviii, 814p. _ccm. |
||
| 650 | _a ECONOMICS | ||
| 650 | _aFINANCE | ||
| 942 |
_hX:8D, P2 _cTEXL _2cc |
||
| 999 |
_c987278 _d987278 |
||